000 00800nab a2200241 u 4500
001 17259
003 HDC
007 cr bn ---aaaaa
008 210223c20110310xx dr|noo 0 a eng d
040 _aHDC
245 0 _aMalaysia: HDC Confident Of Increase In Number Of Halal Food Firms
260 _a[No place] :
_b[publisher not identified],
_c2011
336 _atext
_2rdacontent
337 _acomputer
_2rdamedia
338 _aonline resource
_2rdacarrier
650 _aHalal Food Firms
_916737
650 _aHalal industry
_9144
710 _aHalal Focus
856 _zRequest full-text at [email protected]
942 _2lcc
942 _cNEWS
942 _kNWSO 005868
999 _c14575
_d14575